[Event "VII Open Primavera"]
[Site "Robecchetto con Induno ITA"]
[Date "2010.04.22"]
[Round "4"]
[White "Nava, Mario"]
[Black "Sartorio, Alessandro"]
[Result "1-0"]
[WhiteElo "1410"]
[BlackElo "1383"]
[PlyCount "48"]
[EventDate "2010.04.01"]

1. Nf3 Nf6 2. d4 g6 3. c4 Bg7 4. Nc3 O-O 5. e4 d6 6. Bd3 Nbd7 7. Bd2 e5 8. d5
c5 9. Qc1 Re8 10. Bh6 Ng4 11. Bxg7 Kxg7 12. h3 Ngf6 13. O-O b6 14. Nb5 a6 15.
Nxd6 Re7 16. Nh4 Qc7 17. Ndf5+ gxf5 18. Nxf5+ Kf8 19. Qh6+ Ke8 20. d6 Qc6 21.
dxe7 Ng8 22. Qxc6 Rb8 23. Qd6 f6 24. Ng7+ Kf7 1-0

[Event "VII Open Primavera"]
[Site "Robecchetto con Induno ITA"]
[Date "2010.04.22"]
[Round "4"]
[White "Pogliano, Stefano"]
[Black "Torretta, Gilberto"]
[Result "1/2-1/2"]
[WhiteElo "1988"]
[BlackElo "1701"]
[PlyCount "124"]
[EventDate "2010.04.01"]

1. e4 e5 2. Nf3 Nc6 3. Bb5 a6 4. Ba4 Nf6 5. O-O b5 6. Bb3 Be7 7. c3 O-O 8. Qe2
Bb7 9. d4 d6 10. Rd1 exd4 11. cxd4 d5 12. exd5 Nxd5 13. Nc3 Nxc3 14. bxc3 Bf6
15. Ba3 Re8 16. Qd3 g6 17. Re1 Qd7 18. Nd2 Ne5 19. Qg3 Ng4 20. h3 Nh6 21. Qf4
Bg7 22. Ne4 Bxe4 23. Rxe4 Rxe4 24. Qxe4 c6 25. Re1 Nf5 26. g4 Nh4 27. Qe7 Qxe7
28. Rxe7 Nf3+ 29. Kg2 Ng5 30. Rc7 Ne6 31. Rxc6 Nf4+ 32. Kg3 Ne2+ 33. Kf3 Ng1+
34. Kg2 Ne2 35. Rc7 Nf4+ 36. Kh2 Ne6 37. Bxe6 fxe6 38. Rc6 Kf7 39. Kg3 g5 40.
Rb6 e5 41. Bb2 exd4 42. cxd4 Rd8 43. Rxa6 Bxd4 44. Bxd4 Rxd4 45. Rb6 b4 46. h4
gxh4+ 47. Kxh4 h5 48. Kxh5 Rf4 49. Rb5 Kf6 50. g5+ Kg7 51. Rb7+ Kf8 52. Rb6 Kg7
53. Rf6 Rxf6 54. gxf6+ Kxf6 55. Kg4 Kg6 56. Kf4 Kf6 57. Ke4 Ke6 58. f4 Kf6 59.
f5 Ke7 60. Ke5 Kf7 61. f6 Kf8 62. Kd6 Kf7 1/2-1/2

[Event "VII Open Primavera"]
[Site "Robecchetto con Induno ITA"]
[Date "2010.04.22"]
[Round "4"]
[White "Puricelli, Roberto"]
[Black "Colli, Gianmaria"]
[Result "1-0"]
[WhiteElo "1497"]
[BlackElo "1580"]
[PlyCount "105"]
[EventDate "2010.04.01"]

1. e4 e5 2. Nf3 d6 3. Bc4 Be7 4. O-O Nf6 5. Re1 O-O 6. h3 Bd7 7. c3 Nc6 8. d4
exd4 9. cxd4 Kh8 10. Nc3 Na5 11. Bf1 b6 12. b4 Nb7 13. a3 Rc8 14. Ba6 Rb8 15.
Bf4 Nh5 16. Bh2 Bg5 17. e5 Bh6 18. Bxb7 Rxb7 19. exd6 c6 20. Ne5 Nf6 21. Qf3
Bd2 22. Re2 Bxc3 23. Qxc3 Qc8 24. Qf3 Nd5 25. Rae1 Be6 26. Rc2 Bd7 27. b5 Be6
28. bxc6 Rb8 29. Rec1 Qa6 30. Nd7 Bxd7 31. Qxd5 Be6 32. Qf3 Qa4 33. d5 Bd7 34.
cxd7 Qxd7 35. Rc7 Qb5 36. Rxf7 Rg8 37. Rfc7 h6 38. Bg3 Rgf8 39. Rf7 Rg8 40. Kh2
Rbd8 41. Rcc7 Qb1 42. d7 Qb5 43. Rxa7 Qc5 44. Rc7 Qb5 45. d6 Ra8 46. Rc8 Rgxc8
47. dxc8=Q+ Rxc8 48. Rf8+ Rxf8 49. Qxf8+ Kh7 50. Qc8 Qa4 51. d7 Qxa3 52. d8=Q
b5 53. Qf5+ 1-0

[Event "VII Open Primavera"]
[Site "Robecchetto con Induno ITA"]
[Date "2010.04.22"]
[Round "4"]
[White "Volpe, Antonio"]
[Black "Colombo, Maurizio"]
[Result "0-1"]
[WhiteElo "1672"]
[BlackElo "1733"]
[PlyCount "48"]
[EventDate "2010.04.01"]

1. e4 c5 2. f4 g6 3. Nf3 Nc6 4. c3 Bg7 5. d3 e6 6. Be3 b6 7. Nbd2 Bb7 8. Be2
Nge7 9. Nc4 d5 10. Ncd2 O-O 11. Rc1 f5 12. e5 d4 13. Bf2 Nd5 14. g3 dxc3 15.
bxc3 Re8 16. O-O Bf8 17. d4 cxd4 18. cxd4 Na5 19. Nc4 Nxc4 20. Bxc4 Rc8 21. Bb3
Ba6 22. Ng5 h6 23. Nf3 Nc3 24. Kg2 Nxd1 0-1

[Event "VII Open Primavera"]
[Site "Robecchetto con Induno ITA"]
[Date "2010.04.22"]
[Round "4"]
[White "Volpi, Davide"]
[Black "Santarelli, Sabatino"]
[Result "1-0"]
[WhiteElo "2002"]
[BlackElo "1675"]
[PlyCount "119"]
[EventDate "2010.04.01"]

1. Nf3 c5 2. g3 Nc6 3. Bg2 d5 4. c4 d4 5. d3 Nf6 6. O-O e5 7. Nbd2 Be7 8. Re1
O-O 9. Nf1 Bg4 10. h3 Bd7 11. e3 Re8 12. exd4 exd4 13. Ne5 Nxe5 14. Rxe5 Bd6
15. Rxe8+ Qxe8 16. Bg5 Qe5 17. Qd2 Re8 18. Bf4 Qe7 19. Bxd6 Qxd6 20. Re1 b6 21.
Rxe8+ Bxe8 22. Qe1 Bd7 23. Nd2 Qe6 24. Qxe6 Bxe6 25. f4 Bf5 26. Bf1 h5 27. Nf3
Nd7 28. Kf2 f6 29. Nh4 Bh7 30. Be2 g5 31. Ng2 Bg6 32. Ne1 gxf4 33. gxf4 Kg7 34.
Nf3 Kh6 35. Nh4 Bh7 36. Kg3 a6 37. a4 a5 38. Nf3 Bf5 39. Nd2 Nf8 40. Ne4 Bxe4
41. dxe4 Ng6 42. b3 Ne7 43. e5 Nf5+ 44. Kf3 fxe5 45. fxe5 Kg5 46. Bd3 Ng7 47.
Ke4 Ne6 48. Kd5 Nf4+ 49. Kd6 Nxd3 50. e6 Ne5 51. e7 d3 52. e8=Q Nxc4+ 53. bxc4
Kh4 54. Qe3 d2 55. Qxd2 Kxh3 56. Qg5 h4 57. Ke5 b5 58. Ke4 bxc4 59. Kf3 Kh2 60.
Qg2# 1-0

[Event "VII Open Primavera"]
[Site "Robecchetto con Induno ITA"]
[Date "2010.04.29"]
[Round "5"]
[White "Buratti, Roberto"]
[Black "Madaschi, Sergio"]
[Result "1-0"]
[WhiteElo "1600"]
[BlackElo "1541"]
[PlyCount "79"]
[EventDate "2010.04.01"]

1. e4 c5 2. d4 cxd4 3. Nf3 Nc6 4. Nxd4 Nf6 5. Nxc6 bxc6 6. Bd3 e5 7. c4 Be7 8.
O-O O-O 9. Nc3 Qc7 10. Be3 d6 11. f3 Be6 12. Rc1 Qb7 13. Qe2 Rad8 14. Rfd1 Rfe8
15. Qf2 Ra8 16. b3 Red8 17. Rd2 d5 18. cxd5 cxd5 19. exd5 Nxd5 20. Nxd5 Bxd5
21. Rdc2 Bd6 22. Qh4 g6 23. Qf6 Qe7 24. Qxe7 Bxe7 25. Rc7 Ba3 26. R1c2 a5 27.
Bg5 Re8 28. Bf6 e4 29. fxe4 Bxe4 30. Bxe4 Rxe4 31. Rc8+ Rxc8 32. Rxc8+ Bf8 33.
Ra8 Re6 34. Bc3 f5 35. Bxa5 Kf7 36. Ra7+ Be7 37. Bb4 Kf6 38. Bxe7+ Rxe7 39.
Rxe7 Kxe7 40. Kf2 1-0

[Event "VII Open Primavera"]
[Site "Robecchetto con Induno ITA"]
[Date "2010.04.29"]
[Round "5"]
[White "Colli, Gianmaria"]
[Black "Volpe, Antonio"]
[Result "0-1"]
[WhiteElo "1580"]
[BlackElo "1672"]
[PlyCount "66"]
[EventDate "2010.04.01"]

1. d4 g6 2. Nf3 Bg7 3. c4 d6 4. Nc3 h6 5. e4 e6 6. e5 Ne7 7. Bf4 Nf5 8. exd6
cxd6 9. Be2 a6 10. Qd2 g5 11. Be3 Nxe3 12. Qxe3 Nc6 13. a3 g4 14. Nd2 Nxd4 15.
Qd3 e5 16. Nd5 Be6 17. O-O h5 18. Nb3 Bf5 19. Qd1 Bc2 20. Qd2 Bh6 21. Qa5 Nxe2+
22. Kh1 Bxb3 23. Nc7+ Kf8 24. Qb6 Rc8 25. Ne6+ fxe6 26. Qxb3 Nd4 27. Qd1 Rxc4
28. f3 Nf5 29. fxg4 hxg4 30. Qb3 Qc8 31. Qd1 Bf4 32. Re1 Rxh2+ 33. Kg1 Qc5+ 0-1

[Event "VII Open Primavera"]
[Site "Robecchetto con Induno ITA"]
[Date "2010.04.29"]
[Round "5"]
[White "Colombo, Maurizio"]
[Black "Macchiettini, Pierangelo"]
[Result "1/2-1/2"]
[WhiteElo "1733"]
[BlackElo "1670"]
[PlyCount "78"]
[EventDate "2010.04.01"]

1. e4 c5 2. Nf3 d6 3. d4 cxd4 4. Nxd4 Nf6 5. Nc3 a6 6. Be3 e6 7. f3 Qc7 8. Qd2
Be7 9. O-O-O Nbd7 10. g4 Ne5 11. h4 Nfd7 12. Qe2 Nb6 13. Nb3 Nec4 14. Bg1 Bd7
15. Bd4 Bf6 16. Bxf6 gxf6 17. Nd2 Rc8 18. Nxc4 Qxc4 19. Qxc4 Nxc4 20. Bxc4 Rxc4
21. Rxd6 Rc6 22. Rhd1 Rxd6 23. Rxd6 Ke7 24. Rd2 Bc6 25. Ne2 h5 26. gxh5 Rxh5
27. Nd4 Rxh4 28. Nxc6+ bxc6 29. b3 Rh3 30. Rd3 Rh5 31. f4 Rh4 32. Rf3 Kd6 33.
Kd2 Kc5 34. a3 Kd4 35. e5 Rh2+ 36. Kc1 f5 37. Kb2 Rh4 38. Rd3+ Kc5 39. Rf3 Kd5
1/2-1/2

[Event "VII Open Primavera"]
[Site "Robecchetto con Induno ITA"]
[Date "2010.04.29"]
[Round "5"]
[White "Pogliano, Stefano"]
[Black "Puricelli, Roberto"]
[Result "1-0"]
[WhiteElo "1988"]
[BlackElo "1497"]
[PlyCount "123"]
[EventDate "2010.04.01"]

1. e4 c5 2. Nf3 e6 3. d4 cxd4 4. Nxd4 Nf6 5. Bd3 Nc6 6. Ne2 d5 7. exd5 Nxd5 8.
a3 Be7 9. O-O O-O 10. c4 Nf6 11. Qc2 Ne5 12. Rd1 Nxd3 13. Rxd3 Qc7 14. Bg5 e5
15. Ng3 Be6 16. Nd2 b5 17. Rc1 Rac8 18. Rc3 b4 19. axb4 Bxb4 20. Re3 Bxd2 21.
Qxd2 Ng4 22. Ra3 f6 23. Be3 Nxe3 24. Qxe3 a5 25. Ne4 Rfd8 26. b3 Rd4 27. f3
Rcd8 28. Nf2 Qc5 29. Raa1 Rd1+ 30. Rxd1 Qxe3 31. Rxd8+ Kf7 32. Rd3 Qb6 33. Rc3
Qc5 34. Kf1 f5 35. Ke2 e4 36. fxe4 fxe4 37. Re3 Bxc4+ 38. bxc4 Qxc4+ 39. Ke1
Qd4 40. Raa3 Qb4+ 41. Rac3 Qb1+ 42. Kd2 Qb2+ 43. Rc2 Qb4+ 44. Kc1 Qb5 45. Rxe4
Qg5+ 46. Kb2 Qb5+ 47. Ka3 Qb8 48. g3 Qd6+ 49. Ka4 Qd7+ 50. Kxa5 Qa7+ 51. Kb4
Qb6+ 52. Kc3 Qc5+ 53. Kd3 Qa3+ 54. Rc3 Qa6+ 55. Ke3 Qh6+ 56. Rf4+ Ke7 57. Ng4
Qb6+ 58. Kf3 Qa6 59. Ne3 h6 60. Nf5+ Kf6 61. Nd4+ Kg6 62. Rc6+ 1-0

[Event "VII Open Primavera"]
[Site "Robecchetto con Induno ITA"]
[Date "2010.04.29"]
[Round "5"]
[White "Santarelli, Sabatino"]
[Black "Nava, Mario"]
[Result "1-0"]
[WhiteElo "1675"]
[BlackElo "1410"]
[PlyCount "105"]
[EventDate "2010.04.01"]

1. Nf3 c5 2. c4 Nf6 3. b3 Nc6 4. Bb2 d6 5. h3 e5 6. e3 h6 7. Be2 Bf5 8. a3 Qb6
9. Nc3 Na5 10. g4 Bh7 11. d3 Nxb3 12. Na4 Qa5+ 13. Bc3 Qxa4 14. Rb1 Qxa3 15.
Rxb3 Qa6 16. O-O Be7 17. d4 e4 18. Nd2 cxd4 19. Bxd4 Qc6 20. Qb1 O-O 21. Rxb7
Rfe8 22. Bxa7 Nd7 23. Qb5 Qxb5 24. cxb5 Nc5 25. Rc7 Rac8 26. b6 Rxc7 27. bxc7
Rc8 28. Bb6 Ne6 29. Rc1 d5 30. Ba6 Rxc7 31. Bxc7 Bg6 32. Bb6 Kh7 33. Nb3 Bh4
34. Nd4 Ng5 35. Bb7 Nxh3+ 36. Kg2 Nxf2 37. Bxd5 Nd3 38. Rf1 Ne5 39. Kh3 Bg5 40.
Nf5 Nc4 41. Bxc4 Bf6 42. Bd5 Bc3 43. Bxe4 Kh8 44. Rc1 Bd2 45. Rc8+ Kh7 46. Bd4
h5 47. gxh5 Bxh5 48. Nxg7+ Bg6 49. Bxg6+ fxg6 50. Kg4 Bxe3 51. Bxe3 Kxg7 52.
Rc6 Kf7 53. Kg5 1-0

[Event "VII Open Primavera"]
[Site "Robecchetto con Induno ITA"]
[Date "2010.04.29"]
[Round "5"]
[White "Torretta, Gilberto"]
[Black "Volpi, Davide"]
[Result "0-1"]
[WhiteElo "1701"]
[BlackElo "2002"]
[PlyCount "96"]
[EventDate "2010.04.01"]

1. e4 c5 2. Nf3 Nc6 3. Bb5 g6 4. c4 Bg7 5. Nc3 Nd4 6. O-O Nxb5 7. cxb5 Nf6 8.
d4 cxd4 9. Nxd4 d6 10. f3 O-O 11. Be3 Nd7 12. Qe2 Nc5 13. Rfd1 Ne6 14. a4 Qa5
15. Nd5 Qd8 16. b4 Bd7 17. a5 Rc8 18. b6 axb6 19. Nxb6 Rc3 20. Nxe6 Bxe6 21.
Bd4 Bxd4+ 22. Rxd4 Qc7 23. Qd2 Rc2 24. Qd3 h5 25. Nc4 Rxc4 26. Rxc4 Qxc4 27.
Qxc4 Bxc4 28. Rc1 Rc8 29. Kf2 Be6 30. Rxc8+ Bxc8 31. Ke3 Kf8 32. Kd4 Ke8 33.
Kc4 Kd7 34. Kb5 Kc7 35. Kc4 Be6+ 36. Kb5 Bb3 37. f4 h4 38. g4 hxg3 39. hxg3 Bc2
40. e5 Bd3+ 41. Ka4 dxe5 42. fxe5 Kc6 43. Kb3 Kd5 44. Ka4 Kxe5 45. b5 Kd4 46.
Kb4 e5 47. a6 bxa6 48. b6 Be4 0-1

[Event "VII Open Primavera"]
[Site "Robecchetto con Induno ITA"]
[Date "2010.05.06"]
[Round "6"]
[White "Buratti, Roberto"]
[Black "Colombo, Maurizio"]
[Result "0-1"]
[WhiteElo "1600"]
[BlackElo "1733"]
[PlyCount "120"]
[EventDate "2010.04.01"]

1. e4 c5 2. d4 cxd4 3. Nf3 d6 4. Nxd4 Nf6 5. Bd3 e6 6. O-O a6 7. c4 Be7 8. Nc3
O-O 9. Be3 Qc7 10. Rc1 b6 11. f3 Bb7 12. Qe2 Nbd7 13. b3 Rfe8 14. Qf2 Rac8 15.
Rfd1 Qb8 16. Nde2 d5 17. cxd5 exd5 18. exd5 Ba3 19. Rc2 Rxe3 20. Qxe3 Bc5 21.
Nd4 Bxd5 22. Bf5 Re8 23. Qd2 Ne5 24. Kh1 Ba8 25. Nde2 Nxf3 26. Qf4 Qxf4 27.
Nxf4 Nd4 28. Bd7 Nxd7 29. Rcd2 Nf6 30. b4 Bxb4 31. Rxd4 Bxc3 32. Rd8 Bc6 33.
Rxe8+ Bxe8 34. Rd8 Kf8 35. Rc8 Bd4 36. Nd3 Ke7 37. Nb4 a5 38. Nd3 Bb5 39. Ne1
Kd7 40. Rf8 Bc4 41. Nf3 Bb2 42. a4 Bb3 43. Ng5 Ba3 44. Rb8 Bc5 45. h3 h6 46.
Nf3 Ke6 47. g4 Bxa4 48. g5 Bc6 49. gxf6 Bxf3+ 50. Kh2 Kxf6 51. Re8 a4 52. Kg3
Bc6 53. Re2 a3 54. Rd2 Ke6 55. Re2+ Kd6 56. Kf4 Bd5 57. Re8 a2 58. Rd8+ Ke6 59.
Re8+ Kd7 60. Re5 Bd6 0-1

[Event "VII Open Primavera"]
[Site "Robecchetto con Induno ITA"]
[Date "2010.05.06"]
[Round "6"]
[White "Madaschi, Sergio"]
[Black "Colli, Gianmaria"]
[Result "1-0"]
[WhiteElo "1541"]
[BlackElo "1580"]
[PlyCount "116"]
[EventDate "2010.04.01"]

1. e4 c5 2. Nf3 Nc6 3. d4 cxd4 4. Nxd4 Qb6 5. Nb3 d6 6. c4 Nf6 7. Nc3 Ng4 8.
Qc2 g6 9. h3 Nf6 10. Be2 Bg7 11. Be3 Qd8 12. O-O Bd7 13. Qd2 O-O 14. Bh6 Re8
15. Bxg7 Kxg7 16. Kh1 Qc8 17. Qe3 Ne5 18. Nd2 Nc6 19. Rac1 b6 20. Nd5 Qb7 21.
Nxf6 exf6 22. Qc3 Rac8 23. b3 Ne5 24. f4 Nc6 25. Bf3 Qb8 26. Be2 Re7 27. Bd3
Rce8 28. Nf3 Kg8 29. Qxf6 Re6 30. Qh4 f6 31. f5 g5 32. Nxg5 R6e7 33. Nf3 Rf8
34. Rg1 Ne5 35. Nxe5 dxe5 36. g4 Rff7 37. Rg3 Rg7 38. Qxf6 Ref7 39. Qh4 Qd6 40.
Rcg1 h6 41. Bb1 Rg5 42. R3g2 Bc6 43. Qe1 Rfg7 44. h4 Rxf5 45. gxf5 Rxg2 46.
Rxg2+ Kh7 47. Rg6 Qc7 48. Qg1 Qb7 49. Qg2 Qd7 50. Qe2 Qb7 51. Kh2 Qd7 52. h5
Qe8 53. Qg4 Qf8 54. Rxc6 Kh8 55. Qg6 b5 56. Qxh6+ Qxh6 57. Rxh6+ Kg7 58. Rg6+
Kh7 1-0

[Event "VII Open Primavera"]
[Site "Robecchetto con Induno ITA"]
[Date "2010.05.06"]
[Round "6"]
[White "Sartorio, Alessandro"]
[Black "Santarelli, Sabatino"]
[Result "0-1"]
[WhiteElo "1383"]
[BlackElo "1675"]
[PlyCount "107"]
[EventDate "2010.04.01"]

1. d4 f5 2. c4 Nf6 3. Nc3 e6 4. Bg5 Be7 5. e3 O-O 6. Nf3 d6 7. Bd3 Nbd7 8. O-O
h6 9. Bh4 b6 10. Re1 Bb7 11. d5 exd5 12. cxd5 Ne4 13. Bxe7 Qxe7 14. Nd4 Nxc3
15. bxc3 Bxd5 16. Qh5 Qf7 17. Qxf5 Qxf5 18. Nxf5 Rf7 19. e4 Be6 20. Nd4 Ne5 21.
Bc2 Bc4 22. Bb3 Kh8 23. Bxc4 Nxc4 24. Re2 Ne5 25. Rf1 Re8 26. f4 Nd3 27. f5 d5
28. Ne6 dxe4 29. Rxe4 c5 30. Re3 c4 31. Re4 Rc8 32. Rd4 Kh7 33. Rd8 Rxd8 34.
Nxd8 Rd7 35. Ne6 Kg8 36. f6 g6 37. Nf4 Kf7 38. g4 Nxf4 39. Rxf4 b5 40. h4 Rd3
41. g5 hxg5 42. hxg5 Rg3+ 43. Kf2 Rxg5 44. Ke3 Rg2 45. Ke4 Rxa2 46. Ke5 Re2+
47. Kd5 a6 48. Kc5 g5 49. Rf5 g4 50. Rg5 Kxf6 51. Rxg4 Re5+ 52. Kb4 Re6 53.
Rf4+ Ke5 54. Kc5 0-1

[Event "VII Open Primavera"]
[Site "Robecchetto con Induno ITA"]
[Date "2010.05.06"]
[Round "6"]
[White "Serrao, Piergiorgio"]
[Black "Puricelli, Roberto"]
[Result "1-0"]
[WhiteElo "1497"]
[BlackElo "1497"]
[PlyCount "63"]
[EventDate "2010.04.01"]

1. d4 d5 2. c4 c6 3. Nf3 e6 4. e3 Nf6 5. Nc3 Bb4 6. Qc2 O-O 7. Bd3 Nbd7 8. O-O
Bxc3 9. Qxc3 Ne4 10. Qc2 Ndf6 11. Nd2 Nxd2 12. Bxd2 a5 13. a4 b6 14. c5 Bd7 15.
b4 axb4 16. Bxb4 b5 17. axb5 Rxa1 18. Rxa1 Qb8 19. b6 Re8 20. Ra7 e5 21. Bf5
Bxf5 22. Qxf5 exd4 23. exd4 h6 24. g4 Re4 25. h3 Rxd4 26. Rc7 Qf8 27. Rc8 Ne8
28. Qd7 Re4 29. Qxc6 Qe7 30. Rxe8+ Qxe8 31. Qxe8+ Rxe8 32. b7 1-0

[Event "VII Open Primavera"]
[Site "Robecchetto con Induno ITA"]
[Date "2010.05.06"]
[Round "6"]
[White "Torretta, Gilberto"]
[Black "Macchiettini, Pierangelo"]
[Result "0-1"]
[WhiteElo "1701"]
[BlackElo "1670"]
[PlyCount "55"]
[EventDate "2010.04.01"]

1. e4 c5 2. Nf3 d6 3. Bb5+ Nd7 4. c4 Ngf6 5. Nc3 e6 6. d4 cxd4 7. Nxd4 Qc7 8.
Qe2 Be7 9. f3 a6 10. Ba4 O-O 11. Be3 Nc5 12. Bc2 e5 13. Nf5 Bxf5 14. exf5 Rfd8
15. g4 Qc6 16. g5 Nh5 17. Nd5 Bf8 18. Nf6+ gxf6 19. gxf6 Nf4 20. Rg1+ Kh8 21.
Bxf4 exf4 22. O-O-O d5 23. Qg2 Bh6 24. Qh3 Qxf6 25. cxd5 Rg8 26. Rg4 Bg7 27.
Rh4 Qxb2+ 28. Kd2 0-1

[Event "VII Open Primavera"]
[Site "Robecchetto con Induno ITA"]
[Date "2010.05.06"]
[Round "6"]
[White "Volpe, Antonio"]
[Black "Pogliano, Stefano"]
[Result "0-1"]
[WhiteElo "1672"]
[BlackElo "1988"]
[PlyCount "84"]
[EventDate "2010.04.01"]

1. e4 c5 2. f4 d6 3. Nf3 Nc6 4. Nc3 g6 5. Bc4 Bg7 6. Ne2 Nf6 7. Ng3 Qc7 8. f5
Bd7 9. c3 Ng4 10. Bxf7+ Kxf7 11. Ng5+ Ke8 12. Qxg4 Ne5 13. Qd1 Nd3+ 14. Kf1 h6
15. Nf3 Bb5 16. Kg1 Qb6 17. h3 c4+ 18. Kh2 Nf2 19. Qe2 Nxh1 20. Kxh1 Rf8 21.
Rb1 Kd7 22. b3 cxb3 23. c4 bxa2 24. Rxb5 a1=Q 25. Rxb6 Qxc1+ 26. Kh2 axb6 27.
e5 gxf5 28. Nh5 Bxe5+ 29. Nxe5+ dxe5 30. Qd3+ Kc7 31. Ng7 Qa3 32. Qd5 Qd6 33.
Ne6+ Kb8 34. Nxf8 e4+ 35. Qxd6+ exd6 36. Kg3 Ra2 37. Nd7+ Ka7 38. Kf4 Rxd2 39.
g4 Rf2+ 40. Kg3 e3 41. Nf6 f4+ 42. Kh4 e2 0-1

[Event "Open Citta' degli Scacchi B"]
[Site "Corsico ITA"]
[Date "2010.03.12"]
[Round "1"]
[White "Cervini, Gian Piero"]
[Black "Bruglia Prazio, Orlando"]
[Result "0-1"]
[WhiteElo "1788"]
[BlackElo "1921"]
[PlyCount "52"]
[EventDate "2010.03.12"]

1. e4 e6 2. d4 d5 3. Nc3 Nf6 4. e5 Nfd7 5. f4 c5 6. Nf3 Nc6 7. Be3 Be7 8. Be2
O-O 9. Qd2 a6 10. a4 f6 11. exf6 Bxf6 12. dxc5 Qa5 13. O-O Qb4 14. Bf2 Qxb2 15.
Nxd5 exd5 16. Qxd5+ Kh8 17. Bd3 Be7 18. Qh5 Nf6 19. Qh4 Ne4 20. Qh5 Rf5 21.
Qe8+ Rf8 22. Qh5 g6 23. Qh6 Nxf2 24. Ng5 Qg7 25. Qh4 Bxc5 26. Bxg6 Qxg6 0-1

[Event "Open Citta' degli Scacchi B"]
[Site "Corsico ITA"]
[Date "2010.03.12"]
[Round "1"]
[White "De Francisci, Luigi"]
[Black "Manini, Paolo"]
[Result "0-1"]
[WhiteElo "1914"]
[BlackElo "1785"]
[PlyCount "64"]
[EventDate "2010.03.12"]

1. d4 Nf6 2. Nc3 d5 3. e4 Nxe4 4. Nxe4 dxe4 5. Bc4 Nd7 6. f3 Nb6 7. Bb3 exf3 8.
Nxf3 e6 9. O-O Be7 10. c3 O-O 11. Qe1 Nd5 12. Bc2 c5 13. dxc5 Bxc5+ 14. Kh1 Be7
15. Bd2 Bf6 16. Qg3 Qc7 17. Qh3 g6 18. Bg5 Bg7 19. Qh4 f6 20. Bd2 e5 21. Bb3
Be6 22. Rad1 Bf7 23. Bh6 Bxh6 24. Qxh6 Nf4 25. Ba4 Rad8 26. a3 Rxd1 27. Rxd1
Qc4 28. Bc2 Qe2 29. Rd2 Qf1+ 30. Ng1 Bd5 31. Qxf4 Bxg2+ 32. Rxg2 exf4 0-1

[Event "Open Citta' degli Scacchi B"]
[Site "Corsico ITA"]
[Date "2010.03.12"]
[Round "1"]
[White "Didoni, Renato"]
[Black "Gussoni, Paolo"]
[Result "1/2-1/2"]
[WhiteElo "1961"]
[BlackElo "1791"]
[PlyCount "125"]
[EventDate "2010.03.12"]

1. Nf3 Nf6 2. d4 d5 3. Nc3 Bf5 4. Bg5 e6 5. a3 Be7 6. Nh4 Bg6 7. Nxg6 hxg6 8.
h3 Nbd7 9. Qd2 c5 10. e3 a6 11. Be2 Qc7 12. Bf3 O-O 13. O-O cxd4 14. exd4 Nb6
15. Nd1 Rac8 16. c3 Nh7 17. Bxe7 Qxe7 18. Ne3 Ng5 19. Qd1 Qd7 20. Be2 Ne4 21.
Bd3 Nf6 22. Qb3 Qc7 23. a4 Nh5 24. Rae1 Nf4 25. Bb1 Qc6 26. Kh2 Nxa4 27. g3 Nh5
28. Ng4 Nb6 29. Ne5 Qc7 30. Kg2 Nd7 31. Qc2 Nhf6 32. Re3 Nxe5 33. Rxe5 b5 34.
Rfe1 Rfd8 35. Qd2 Kf8 36. R1e3 Rd6 37. Qe2 Qd7 38. Qf3 Rb8 39. b4 Rc8 40. g4
Qc7 41. g5 Ne4 42. Bxe4 dxe4 43. R5xe4 Rd5 44. h4 Rf5 45. Qg3 Qc6 46. Kh3 Qd7
47. Re5 Rc7 48. f4 Qc8 49. Kg4 Rc6 50. Rxf5 gxf5+ 51. Kh3 g6 52. Qf3 Kg7 53.
Rd3 Rd6 54. Kg3 f6 55. h5 fxg5 56. fxg5 gxh5 57. Qxh5 e5 58. Qd1 f4+ 59. Kf3
Qh3+ 60. Ke4 Qe6 61. d5 Qg6+ 62. Kxe5 Rd8 63. Qg4 1/2-1/2

[Event "Open Citta' degli Scacchi B"]
[Site "Corsico ITA"]
[Date "2010.03.13"]
[Round "2"]
[White "Bruglia Prazio, Orlando"]
[Black "Palmieri, Giovanni"]
[Result "0-1"]
[WhiteElo "1921"]
[BlackElo "1778"]
[PlyCount "43"]
[EventDate "2010.03.12"]

1. d4 Nf6 2. Bf4 d6 3. e3 g6 4. Be2 Bg7 5. h3 Nbd7 6. Nf3 b6 7. a4 Bb7 8. Nbd2
a6 9. c4 c5 10. O-O O-O 11. a5 bxa5 12. Ra2 cxd4 13. exd4 Re8 14. Nb3 e5 15.
dxe5 dxe5 16. Be3 Qc7 17. Nxa5 Rad8 18. Qb3 Ba8 19. Rfa1 Nc5 20. Qa3 Bf8 21. b4
Ne6 22. b5 0-1

[Event "Open Citta' degli Scacchi B"]
[Site "Corsico ITA"]
[Date "2010.03.13"]
[Round "2"]
[White "Crepaldi, Marco"]
[Black "Brociner, Beniamino"]
[Result "1-0"]
[WhiteElo "1874"]
[BlackElo "1882"]
[PlyCount "85"]
[EventDate "2010.03.12"]

1. e4 c5 2. Nf3 d6 3. d4 cxd4 4. Nxd4 Nf6 5. Nc3 a6 6. Bg5 e6 7. f4 Be7 8. Qf3
Qc7 9. Bd3 Nbd7 10. O-O-O b5 11. Rhe1 Bb7 12. Kb1 Nc5 13. Bxf6 gxf6 14. Qh5 b4
15. Nce2 O-O-O 16. Ng3 Qb6 17. Qxf7 Rd7 18. Bc4 e5 19. fxe5 fxe5 20. Ne6 Na4
21. Ka1 Bh4 22. Qf5 Kb8 23. Nf8 Rd8 24. Nd7+ Rxd7 25. Qxd7 Qa5 26. Qxd6+ Ka8
27. Bd5 Rc8 28. Re2 Rd8 29. Qxe5 Ka7 30. Qg7 Nc5 31. Red2 Rb8 32. Nf5 b3 33.
cxb3 Be1 34. Rc2 Ka8 35. Qd4 Bb4 36. Rdc1 Rc8 37. Bxb7+ Kxb7 38. Nd6+ Kb8 39.
Qd5 Rc7 40. e5 Qb6 41. Qg8+ Ka7 42. Nc8+ Rxc8 43. Qxc8 1-0

[Event "Open Citta' degli Scacchi B"]
[Site "Corsico ITA"]
[Date "2010.03.13"]
[Round "2"]
[White "Guzzetti, Luigi Enrico"]
[Black "Martelli, Tommaso"]
[Result "0-1"]
[WhiteElo "1879"]
[BlackElo "1875"]
[PlyCount "168"]
[EventDate "2010.03.12"]

1. e4 e5 2. Nf3 Nc6 3. Bb5 a6 4. Ba4 Nf6 5. O-O Be7 6. Re1 b5 7. Bb3 O-O 8. c3
d5 9. exd5 Nxd5 10. d4 exd4 11. Nxd4 Nxd4 12. cxd4 Bb7 13. Nc3 Nf6 14. Bg5 Re8
15. a3 Qd7 16. Qd2 Rad8 17. Rad1 Qg4 18. d5 Nxd5 19. h3 Bxg5 20. Rxe8+ Rxe8 21.
Nxd5 Bxd2 22. hxg4 Ba5 23. Kf1 c5 24. Ne3 c4 25. Bc2 g6 26. Rd7 Bc8 27. Rd6 Re6
28. Rd1 Bb6 29. Nd5 Ba5 30. f4 Kg7 31. g5 Bb7 32. Nf6 h6 33. Nd7 Bxg2+ 34. Kf2
Be4 35. Bxe4 Rxe4 36. Kf3 Re6 37. Nc5 Rc6 38. Ne4 h5 39. Rd7 c3 40. bxc3 Rc7
41. Rd3 Kf8 42. Ke2 Rc4 43. Kf3 Ke7 44. Ke3 Ra4 45. Nf6 Rxa3 46. Ke4 Ke6 47.
Kd4 Ra4+ 48. Ke3 Bb6+ 49. Kf3 Bc7 50. Re3+ Kf5 51. Nd5 Bxf4 52. Re7 Bxg5 53.
Rc7 Ke5 54. Nb4 a5 55. Nd3+ Kf6 56. Rc6+ Kg7 57. Rc5 Bf6 58. Rxb5 Bxc3 59. Nc5
Rg4 60. Ne4 Bb4 61. Rb7 Rg1 62. Kf2 Rb1 63. Kf3 Rb3+ 64. Kg2 Rb2+ 65. Kf3 Rb1
66. Ng5 Rf1+ 67. Ke2 Rf5 68. Ne6+ Kf6 69. Nd8 Kg5 70. Nxf7+ Kf4 71. Nd8 Re5+
72. Kf2 Re7 73. Rb5 Rd7 74. Ne6+ Ke4 75. Ng5+ Kd3 76. Nf3 Kc4 77. Rg5 Kb3 78.
Rxg6 a4 79. Ne5 Rd2+ 80. Ke3 a3 81. Ra6 Rd6 82. Ra8 Re6 83. Ke4 Bc3 84. Rb8+
Kc2 0-1

[Event "Open Citta' degli Scacchi B"]
[Site "Corsico ITA"]
[Date "2010.03.13"]
[Round "3"]
[White "Brioschi, Camillo"]
[Black "Bruglia Prazio, Orlando"]
[Result "1-0"]
[WhiteElo "1857"]
[BlackElo "1921"]
[PlyCount "70"]
[EventDate "2010.03.12"]

1. d4 Nf6 2. c4 e6 3. Nc3 Bb4 4. e3 b6 5. Bd3 Bb7 6. Nf3 Ne4 7. Qc2 f5 8. O-O
Bxc3 9. bxc3 d6 10. Nd2 Ng5 11. e4 Nd7 12. exf5 Nh3+ 13. Kh1 Qh4 14. Nf3 Qg4
15. Qe2 O-O 16. fxe6 Rae8 17. d5 Nc5 18. Ng5 Nxd3 19. f3 Qxc4 20. Nxh3 Bxd5 21.
e7 Rf7 22. Bg5 h6 23. Bd2 Rfxe7 24. Qd1 Re2 25. Qc2 Bb7 26. Rab1 Ba6 27. Kg1
Qc5+ 28. Kh1 Qa3 29. Rb3 Qa4 30. g3 Nc5 31. Qg6 Nxb3 32. Bxh6 Qd7 33. Ng5 Rxh2+
34. Kxh2 Re7 35. Qh7+ Kf8 1-0